000 00811nam a2200217Ia 4500
003 Ost
005 20260507075513.0
008 260507s9999||||xx |||||||||||||| ||und||
020 _a9789953880518
040 _cfsecg
041 _aara
082 _a553.28
100 _aحميد، فيصل
_eمؤلف
245 0 _aالنفط والحرب والمدينة :
_bمصير الحياة الحضرية...إلى طريق مسدود ؟ /
_c فيصل حميد
260 _aبيروت:
_bشركة المطبوعات للتوزيع,
_c2007
300 _a372 صفحة؛
_c24 سم
504 _aببليوغرافيا:ص ص.363-372
520 _aالنفط والحياة الحضرية،الحرب من أجل النفط،مستقبل الحياة الحضرية
653 _aالبترول
942 _cكتاب
999 _c44744
_d44744